Top 25 Most Visited U.S. National Parks - Statistics

General Stats
  • This quiz has been taken 18 times
    13 since last reset
  • The average score is 20 of 25
Answer Stats
Hint Answer % Correct
1.51 Arches
100%
4.43 Grand Canyon
100%
1.20 Redwood
100%
4.08 Acadia
86%
1.97 Bryce Canyon
86%
3.14 Glacier
86%
3.80 Grand Teton
86%
11.53 Great Smoky Mountains
86%
3.58 Olympic
86%
4.17 Rocky Mountain
86%
1.38 Sequoia
86%
1.68 Shenandoah
86%
4.76 Yellowstone
86%
4.28 Yosemite
86%
4.98 Zion
86%
1.32 Death Valley
71%
2.21 Gateway Arch
71%
2.49 Hot Springs
71%
1.64 Mount Rainier
71%
1.39 Capitol Reef
57%
3.03 Cuyahoga Valley
57%
1.88 Hawaii Volcanoes
57%
2.63 Indiana Dunes
57%
2.93 Joshua Tree
57%
1.96 New River Gorge
57%
No matching quizzes found
Score Distribution
Percent of People with Each Score
Percentile by Number Answered
Your Score History
You have not taken this quiz since the last reset